Quiz o prezydentach USA. #1 - Statystyki

Ogólne statystyki
  • Ten quiz został rozwiązany 25 razy
  • Średni wynik to 7 z 10
Statystyki odpowiedzi
Zagadnienie Odpowiedź % Poprawnych
Kto był pierwszym prezydentem, który zmarł przez zamach ? Abraham Lincoln
100%
Kto był pierwszym prezydentem USA ? George Washington
100%
Który z tych prezydentów rządził najdłużej ? Franklin Roosevelt
73%
Który z tych prezydentów rządził najkrócej ? William Harrison
73%
Kto był prezydentem USA w trakcie I Wojnie Światowej. Woodrow Wilson
73%
Ilu było prezydentów USA podczas II Wojny Światowej ? 2
64%
Kto był pierwszym prezydentem, który mieszkał w Białym Domu ? John Adams
64%
Kto był czterdziestym prezydentem USA ? Ronald Reagan
55%
W którym roku miał miejsce udany zamach na Jamesa Garfielda ? 1881
45%
Kto był dziesiątym prezydentem USA ? John Tyler
18%
Nie znaleziono quizów pasujących do podanych kryteriów
Rozkład punktacji
Procent ludzi z każdym wynikiem
Percentyl według liczby udzielonych odpowiedzi
Twoja historia wyników
Nie rozwiązałeś tego quizu